<?xml version="1.0" encoding="UTF-8"?>
<record
    xmlns:xsi="http://www.w3.org/2001/XMLSchema-instance"
    xsi:schemaLocation="http://www.loc.gov/MARC21/slim http://www.loc.gov/standards/marcxml/schema/MARC21slim.xsd"
    xmlns="http://www.loc.gov/MARC21/slim">

  <leader>01005nam a22002657a 4500</leader>
  <controlfield tag="005">20170123164203.0</controlfield>
  <datafield tag="010" ind1=" " ind2=" ">
    <subfield code="a">A-978080</subfield>
  </datafield>
  <datafield tag="020" ind1=" " ind2=" ">
    <subfield code="c">68.00</subfield>
  </datafield>
  <datafield tag="035" ind1=" " ind2=" ">
    <subfield code="a">A-978080</subfield>
  </datafield>
  <datafield tag="037" ind1=" " ind2=" ">
    <subfield code="b">Cen Lib/Ret</subfield>
  </datafield>
  <datafield tag="040" ind1=" " ind2=" ">
    <subfield code="a">DPL</subfield>
    <subfield code="b">PN</subfield>
  </datafield>
  <datafield tag="082" ind1=" " ind2=" ">
    <subfield code="a">260.2</subfield>
    <subfield code="b">&#xA1C;&#xA38;&#xA35;&#xA70;</subfield>
  </datafield>
  <datafield tag="100" ind1=" " ind2=" ">
    <subfield code="a">&#xA1C;&#xA38;&#xA35;&#xA70;&#xA1F; &#xA38;&#xA3F;&#xA70;&#xA18; &#xA2A;&#xA4D;&#xA30;&#xA35;&#xA3E;&#xA28;&#xA3E;</subfield>
    <subfield code="9">51904</subfield>
  </datafield>
  <datafield tag="245" ind1=" " ind2=" ">
    <subfield code="a">&#xA17;&#xA41;&#xA30;&#xA2A;&#xA41;&#xA30;&#xA2C; &#xA17;&#xA3E;&#xA25;&#xA3E;&#xA35;&#xA3E;&#xA02; /</subfield>
    <subfield code="c">&#xA1C;&#xA38;&#xA35;&#xA70;&#xA1F; &#xA38;&#xA3F;&#xA70;&#xA18; &#xA2A;&#xA4D;&#xA30;&#xA35;&#xA3E;&#xA28;&#xA3E;</subfield>
  </datafield>
  <datafield tag="246" ind1=" " ind2=" ">
    <subfield code="a">Gurpurab gathavan /</subfield>
    <subfield code="b">by Jaswant Singh Prwana</subfield>
  </datafield>
  <datafield tag="250" ind1=" " ind2=" ">
    <subfield code="a">2nd ed</subfield>
  </datafield>
  <datafield tag="260" ind1=" " ind2=" ">
    <subfield code="a">&#xA1C;&#xA32;&#xA70;&#xA27;&#xA30;</subfield>
    <subfield code="b">&#xA28;&#xA3F;&#xA0A; &#xA2C;&#xA41;&#xA15; &#xA15;&#xA70;&#xA2A;&#xA28;&#xA40;</subfield>
    <subfield code="c">1999</subfield>
  </datafield>
  <datafield tag="270" ind1=" " ind2=" ">
    <subfield code="a">&#xA2E;&#xA3E;&#xA08; &#xA39;&#xA40;&#xA30;&#xA3E;&#xA02; &#xA17;&#xA47;&#xA1F; </subfield>
    <subfield code="b">&#xA1C;&#xA32;&#xA70;&#xA27;&#xA30;</subfield>
  </datafield>
  <datafield tag="300" ind1=" " ind2=" ">
    <subfield code="a">185p ; </subfield>
    <subfield code="c">20cm</subfield>
  </datafield>
  <datafield tag="650" ind1=" " ind2=" ">
    <subfield code="a">Social &amp; ecclesiastical theology</subfield>
    <subfield code="9">139653</subfield>
  </datafield>
  <datafield tag="650" ind1=" " ind2=" ">
    <subfield code="a">&#xA38;&#xA4B;&#xA38;&#xA3C;&#xA32; &#xA05;&#xA24;&#xA47; &#xA27;&#xA3E;&#xA30;&#xA2E;&#xA3F;&#xA15; &#xA38;&#xA3C;&#xA3E;&#xA38;&#xA24;&#xA30;</subfield>
    <subfield code="9">139654</subfield>
  </datafield>
  <datafield tag="650" ind1=" " ind2=" ">
    <subfield code="a">Social  theology</subfield>
    <subfield code="9">142517</subfield>
  </datafield>
  <datafield tag="650" ind1=" " ind2=" ">
    <subfield code="a">&#xA38;&#xA4B;&#xA38;&#xA3C;&#xA32;  &#xA38;&#xA3C;&#xA3E;&#xA38;&#xA24;&#xA30;</subfield>
    <subfield code="9">142518</subfield>
  </datafield>
  <datafield tag="942" ind1=" " ind2=" ">
    <subfield code="2">ddc</subfield>
    <subfield code="c">PN</subfield>
    <subfield code="h">260.0</subfield>
    <subfield code="m">&#xA1C;&#xA38;&#xA35;&#xA70;</subfield>
  </datafield>
  <datafield tag="999" ind1=" " ind2=" ">
    <subfield code="c">111234</subfield>
    <subfield code="d">111234</subfield>
  </datafield>
  <datafield tag="952" ind1=" " ind2=" ">
    <subfield code="0">0</subfield>
    <subfield code="1">0</subfield>
    <subfield code="4">0</subfield>
    <subfield code="7">0</subfield>
    <subfield code="a">L</subfield>
    <subfield code="b">L</subfield>
    <subfield code="d">2016-03-18</subfield>
    <subfield code="e">Cen Lib/Ret</subfield>
    <subfield code="g">68.00</subfield>
    <subfield code="l">0</subfield>
    <subfield code="o">260.2 &#xA1C;&#xA38;&#xA35;&#xA70;</subfield>
    <subfield code="p">A-978080</subfield>
    <subfield code="r">2016-03-18 00:00:00</subfield>
    <subfield code="t">1</subfield>
    <subfield code="v">68.00</subfield>
    <subfield code="w">2016-03-18</subfield>
    <subfield code="y">PN</subfield>
  </datafield>
</record>
